Multiple Choice City Quiz – Sochi - Statistics

General Stats
  • This quiz has been taken 14 times
  • The average score is 7 of 10
Answer Stats
Question Answer % Correct
Sochi is located on the coast of which sea? Black Sea
100%
Which administrative region of Russia includes Sochi? Krasnodar Krai
90%
Which sport is Sochi most associated with? Skiing
90%
Which famous international sporting event did Sochi host in 2014? Winter Olympics
90%
Which foreign country lies closest to Sochi? Georgia
80%
Which annual film festival is hosted by Sochi? Kinotavr
70%
Which of these animals is native to Sochi National Park? Leopard
60%
Which well-known Russian politician was born in Sochi? Boris Nemtsov
50%
Which famous park in Sochi is known for subtropical plants? Sochi Arboretum
50%
When did Sochi become part of Russia? 1829
40%
No matching quizzes found
Score Distribution
Percent of People with Each Score
Percentile by Number Answered
Your Score History
You have not taken this quiz